Binardo

محفوظ في:
التفاصيل البيبلوغرافية
المؤلف الرئيسي: Lara Saborío, Luis
التنسيق: كتاب
اللغة:Undetermined
منشور في: San José, Costa Rica Alma Mater 1986
الموضوعات:
الوسوم: إضافة وسم
لا توجد وسوم, كن أول من يضع وسما على هذه التسجيلة!

MARC

LEADER 00000nam a2200000Ia 4500
008 170316s9999 xx 000 0 und d
040 |a cru BVZT 
090 |a 868 L-1.1b 
100 |a Lara Saborío, Luis 
245 |a Binardo 
260 |a San José, Costa Rica 
260 |b Alma Mater 
260 |c 1986 
300 |a 207 páginas 
650 |a LITERATURA COSTARRICENSE 
650 |a NOVELA 
999 |c 11241  |d 11241 
942 |c 15 D  |h 868 L-1.1b  |2 z